Programming with C. (Record no. 87)

MARC details
000 -LEADER
fixed length control field 00538cam a2200205ua 4500
008 - FIXED-LENGTH DATA ELEMENTS--GENERAL INFORMATION
fixed length control field 110316n ii |||gr||||Z||||||eng
020 ## - INTERNATIONAL STANDARD BOOK NUMBER
International Standard Book Number 978-0-07-059369-5
020 ## - INTERNATIONAL STANDARD BOOK NUMBER
International Standard Book Number 0-07-059369-8
040 ## - CATALOGING SOURCE
Transcribing agency MAIN
245 ## - TITLE STATEMENT
Title Programming with C.
Statement of responsibility, etc. By Byron Sottfried.
250 ## - EDITION STATEMENT
Edition statement 2nd.
260 ## - PUBLICATION, DISTRIBUTION, ETC.
Place of publication, distribution, etc. New Delhi.:
Name of publisher, distributor, etc. Mcgraw Hill.,
Date of publication, distribution, etc. 2007.
300 ## - PHYSICAL DESCRIPTION
Extent xi, i7 p.:
Other physical details ill.;
Dimensions 20 cm.
700 1# - ADDED ENTRY--PERSONAL NAME
Personal name Gottfried, Byron S.,
700 1# - ADDED ENTRY--PERSONAL NAME
Personal name Chhabra, Jitender Kumar.,
942 ## - ADDED ENTRY ELEMENTS (KOHA)
Koha item type Books
653 ## - INDEX TERM--UNCONTROLLED
Uncontrolled term Computer Science.
653 ## - INDEX TERM--UNCONTROLLED
Uncontrolled term Programming with C.
Holdings
Withdrawn status Lost status Damaged status Not for loan Home library Current library Shelving location Date acquired Total Checkouts Full call number Barcode Date last seen Copy number Price effective from Koha item type
        Central Library, Naharkatiya College Central Library, Naharkatiya College General Stacks 19/09/2020   005 | GOT 18502 19/09/2020 1 19/09/2020 Books

Naharkatiya College © 2020. All rights reserved.

Powered By